Kant et le problème du droit

Gorde:
Xehetasun bibliografikoak
Egile nagusia: Goyard-Fabre, Simone (Egilea)
Formatua: Liburua
Hizkuntza:frantsesa
Argitaratua: París Librairie Philosophique J. Vrin 1975
Saila:Bibliothèque d'histoire de la philosophie
Gaiak:
Etiketak: Etiketa erantsi
Etiketarik gabe, Izan zaitez lehena erregistro honi etiketa jartzen!

MARC

LEADER 00000nam a2200000 a 4500
001 UCS8383
003 CL-VaPUC
008 971031e19750000FR |||||||||||||||||fre|d
082 0 4 |a 340.109  |b GOY  |2 21 
100 |a Goyard-Fabre, Simone  |e author  |9 393211 
245 1 0 |a Kant et le problème du droit 
300 |a 287 p 
600 0 |a Kant, Immanuel,  |d 1724-1804  |9 858687 
942 |c BK 
945 |d 19971031 00:00:00  |a aolguin 
260 |a París  |b Librairie Philosophique J. Vrin  |c 1975 
650 0 |a Pensamiento filosófico  |9 392662 
650 0 |a Filosofía del derecho   |9 255050 
650 0 |a Filosofía crítica   |9 393212 
650 0 |a Moral  |9 265913 
650 0 |a Derecho privado  |9 258243 
650 0 |a Método jurídico  |9 254884 
650 0 |a Propiedad   |9 255268 
650 0 |a Contrato  |9 336601 
650 0 |a Derecho público   |9 255910 
583 |a last modification  |c 19971031 00:00:00  |k Rodrigo Vera 
490 0 |a Bibliothèque d'histoire de la philosophie 
999 |c 262813  |d 262811 
952 |0 0  |1 0  |4 0  |6 340_109000000000000_GOY_1975  |7 0  |8 DER_TF  |9 291709  |a BIBDER  |b BIBDER  |d 2019-11-19  |i 1889729  |o 340.109 GOY 1975  |p 1889729  |r 2023-01-25  |w 2019-11-19  |x Ubicación 4to Piso  |y BK  |z Estos recursos deben solicitarse con anticipación  |k DER